Prototipos e imágenes de la mujer en los siglos XIX y XX /
Colección que, desde una perspectiva feminista y de género, recupera la historia de las mujeres y los roles que se les han impuesto y/o han asumido en distintos períodos y geografías. Da cuenta de la tradicional marginación y discriminación que una sociedad eminentemente patriarcal ha ejercido contr...
Salvato in:
| Autore principale: | |
|---|---|
| Altri autori: | |
| Natura: | Libro |
| Lingua: | spagnolo |
| Pubblicazione: |
Málaga, España :
Universidad de Málaga,
2002, c2002
|
| Serie: | (Atenea ;
37) |
| Soggetti: | |
| Tags: |
Nessun Tag, puoi essere il primo ad aggiungerne!!
|
MARC
| LEADER | 00000nam^a2200000^a^4500 | ||
|---|---|---|---|
| 001 | 000144677 | ||
| 005 | 20250521000000.0 | ||
| 009 | 20260310095807.648 | ||
| 020 | |a 84-7496-938-7 | ||
| 037 | |a Acervo ITESO - Biblioteca | ||
| 041 | |a ESP | ||
| 082 | |a 305. 42 |b ATE V. 37 | ||
| 100 | |a Quiles Faz, Amparo |e (coord.) | ||
| 245 | 1 | 0 | |a Prototipos e imágenes de la mujer en los siglos XIX y XX / |c Coord. de A. Quiles Faz, T. Sauret Guerrero. |
| 264 | 4 | |a Málaga, España : |b Universidad de Málaga, |c 2002, c2002 | |
| 300 | |a 175 p. | ||
| 336 | |a texto |b txt |2 rdacontenido | ||
| 337 | |a sin mediación |b n |2 rdamedio | ||
| 338 | |a volumen |b nc |2 rdasoporte | ||
| 440 | 1 | |a (Atenea ; |v 37) | |
| 520 | |a Colección que, desde una perspectiva feminista y de género, recupera la historia de las mujeres y los roles que se les han impuesto y/o han asumido en distintos períodos y geografías. Da cuenta de la tradicional marginación y discriminación que una sociedad eminentemente patriarcal ha ejercido contra ellas, pero también de los avances en términos de la igualdad de género. El presente volumen hace un recorrido por la evolución de la mujer española, de las débiles y virginales mujeres del romanticismo, a las posmodernas de fines del siglo XX. Incluye un análisis sobre las vanguardistas y subversivas mujeres mexicanas artistas, que tuvieron un papel protagónico en las efervescentes primeras décadas posrevolucionarias. | ||
| 649 | |a XX | ||
| 650 | |a Mujeres - |x Condiciones Sociales y Culturales | ||
| 650 | |a Mujeres Españolas - |x Historia | ||
| 650 | |a Mujeres Mexicanas - |x Historia | ||
| 650 | |a Mujeres - |x Historia - |y Siglo XIX | ||
| 650 | |a Mujeres - |x Historia - |y Siglo XX | ||
| 650 | |a Masones - |z España - |x Historia - |y Siglo XIX | ||
| 650 | |a Roles de Género | ||
| 650 | |a Discriminación de Género | ||
| 650 | |a Identidad de Género | ||
| 650 | |a Género | ||
| 650 | |a Feminismo | ||
| 650 | |a Fotografía Mexicana - |y Siglo XX | ||
| 650 | |a Pintura Mexicana - |y Siglo XX | ||
| 650 | |a Arte Mexicano - |y Siglo XX | ||
| 650 | |a Arte Mexicano - |x Historia y Crítica | ||
| 650 | |a España - |x Historia - |y Siglo XIX | ||
| 650 | |a España - |x Historia - |y Siglo XX | ||
| 650 | |a México - |x Historia - |y Siglo XX | ||
| 650 | |a Sociología de la Cultura | ||
| 650 | |a Vargas, Mercedes de | ||
| 600 | |a Peña, Rosario de la | ||
| 700 | |a Sauret Guerrero, Teresa |e (coordinación) | ||
| 910 | |a Fondo General | ||
| 920 | |a Impresos - Libros | ||
| 930 | |a Colección General | ||
| 905 | |a 101 | ||
| 901 | |a 0500073750 |b IT1 |c ACC |u 20250521 | ||
| 902 | |a https://opac.biblio.iteso.mx/vufind/Record/000144677 | ||